01744nam a22002297a 4500003000400000005001700004008004100021040000800062082001400070100004200084245008600126264005000212300002900262500002900291502069000320505028701010650002301297650003301320942001601353952013001369999001501499OSt20251113170013.0251113b |||||||| |||| 00| 0 eng d cDCL aT-1 Ph.D.0 aUttama Nanda, RevbHD/Ph.D./11/12/0431 a A Comprehensive Study of 'Anysaya' in Theravadā Buddhism /cRev. Uttama Nanda. aSri Lanka :bUniversity of Peradeniya,c2015. axvi, 334 pages :c29 cm. aIncludes bibliographies. aIn this Dissertation Consists of Five Chapters. The first chapter that the reader may grasp the roles of latent tendency and its controversial issues. The Second chapter provides a focus centered to the related terms with the latent tendency to advance our investigations, In the third and chapters, a deeper and wider survey on latent tendency from the perspective of ' Suttanata and Abhidhamma' are Scrutinized respectively. The last chapter pays due attention on how to overcome the latent tendency whilst the conclusion section gives the complete and final solutions to comprehend the latent tendency from the ' Theravāda ' Standpoint. bPh.D. cUniversity of Peradeniya,d2015. aChapter I : General View on the Concept of Anusaya. Chaprter II : A Comparative study of Anusaya and Its Related Terms. Chapter III : A Critical Study of Anusaya in Sutta Piṭak. Chapter IV : Anusaya in Abhidhamma Piṭaka. Chapter V : Overcoming Anusaya. Conclusion. Bibliography. aPh.D. Dissertation aAnusayavTheravada Buddhism. 2ddccTHSn0 00102ddc40718RfbsaDHAMbDHAMcRfbsd2025-11-13l0oT-1 Ph.D.pT-1 Ph.D.r2025-11-13 16:52:40w2025-11-13yTHSAT-1 Ph.D. c2466d2466